000 00293nam a2200121Ia 4500
008 220204s9999 xx 000 0 und d
082 _a005
_bMOD.5
100 _aPereira
245 0 _aModern science. 5 Vols.
260 _aDelhi
_bOxford University
_c1978
700 _aRamalingam
942 _cBK
999 _c32026
_d32026